Statistics for Vegan ABC

Click here to take the quiz!

General Stats

  • This quiz has been taken 195 times
  • The average score is 16 of 26

Answer Stats

HintLetterAnswer% Correct
Veganism is a way of living which seeks to exclude, as far as is possible and practicable, all forms of exploitation of, and cruelty to, _____ for food, clothing or any other purpose.Aanimals
97%
The Leaping Bunny logo marks cosmetics, personal care and cleaning products that are certified _____-free.Ccruelty
89%
Leafy green vegetable used to make everything from salads and green smoothies to chips.Kkale
86%
Tofu, natto, and tempeh are made from this bean.Ssoy
86%
By going vegan, it is estimated that a person can save 150,000 gallons of this per year.Wwater
86%
"Where do you get your _____?"Pprotein
83%
Highly nutritious ancient grain from the Andes.Qquinoa
83%
Enormous tropical fruit whose flesh can be prepared in a "pulled BBQ" style.Jjackfruit
81%
This cookie, long considered "accidentally vegan" may be cross-contaminated with milk.OOreo
81%
Although you can buy protein powder, vegan "milk", and even clothes made from it, this plant is illegal to cultivate in the United States.Hhemp
79%
Pineapple leaves, cork, and even mushrooms are used to make vegan alternatives to this fashionable material.Lleather
79%
Simple formula to put together a complete vegan meal: a grain, a green, and a _____Bbean
76%
2011 documentary about the health benefits of a vegan diet: "_____ Over Knives"FForks
73%
This Middle Eastern country has one of the fastest growing vegan populations in the world.IIsrael
71%
The Vegan Society was founded in 1944 in this country.UUK
70%
Rayon, cotton, and polyester are some of the alternatives to this fluffy non-vegan bedding material.Ddown
64%
Meatless Thanksgiving roast alternative.TTofurky
64%
2005 documentary film about the use of animals in industry, narrated by Joaquin Phoenix.EEarthlings
56%
Nickname for nutritional yeast.Nnooch
51%
The decidedly non-vegan practice of transplanting organs from animals to humans is called this, from the Greek word for "foreign".Xxenotransplant
37%
Fake Twinkies made of cornmeal were prepared for long-time vegan Woody Harrelson to eat during the shooting of this 2009 movie.ZZombieland
30%
This musician, producer, and DJ is the owner of the Little Pine vegan restaurant in LA.MMoby
28%
Canadian maker of "meatless meats", now owned by Pinnacle Foods.GGardein
21%
Vegan ultra-athlete, author, and podcast host: Rich _____RRoll
18%
_____ Veggie Cuisine, maker of veggie dogs, veggie burgers, deli slices, and more.YYves
9%
Title of the "ultimate vegan cookbook" by Isa Chandra Moskowitz.VVeganomicon
7%

Score Distribution

Percentile by Number Answered

Percent of People with Each Score

Your Score History

You have not taken this quiz